|
|
|
|
| LEADER |
00000naa a22000002c 4500 |
| 001 |
1940094194 |
| 003 |
DE-627 |
| 005 |
20251103154359.0 |
| 007 |
cz uuu---uuuuu |
| 008 |
251103s2025 xx |||||o 00| ||eng c |
| 035 |
|
|
|a (DE-627)1940094194
|
| 035 |
|
|
|a (DE-599)KXP1940094194
|
| 040 |
|
|
|a DE-627
|b ger
|c DE-627
|e rda
|
| 041 |
|
|
|a eng
|
| 084 |
|
|
|a 2,1
|2 ssgn
|
| 100 |
1 |
|
|a Bussey, Preston Trey
|e VerfasserIn
|4 aut
|
| 245 |
1 |
0 |
|a Violence against police
|b what we know and need to know
|c Preston Trey Bussey, Justin Nix, and Michael Sierra-Arévalo
|
| 264 |
|
1 |
|c 2025
|
| 336 |
|
|
|a Text
|b txt
|2 rdacontent
|
| 337 |
|
|
|a ohne Hilfsmittel zu benutzen
|b n
|2 rdamedia
|
| 338 |
|
|
|a Band
|b nc
|2 rdacarrier
|
| 520 |
|
|
|a American policing is a unique occupation, in part because officers are expected to confront violence. Understanding patterns in violence against police is vital to inform efforts aimed at enhancing both officer and public safety. To help researchers navigate the current landscape of data available to investigate violence against police, this chapter critically examines the fragmented and delayed nature of current federal, state and non-profit data sources that include LEOKA, NIBRS, ODMP, NLEOMF and the GVA. By highlighting the strengths and limitations of each dataset, we underscore the need for more comprehensive and timely data. Additionally, we review empirical research that has leveraged these datasets, exploring factors influencing trends in violence against officers and identifying key areas for future research. We conclude with recommendations for enhancing data collection and research to inform policies aimed at reducing violence against police and improving overall public safety.
|
| 650 |
|
4 |
|a Officer safety
|
| 650 |
|
4 |
|a gun violence
|
| 650 |
|
4 |
|a Assaults
|
| 650 |
|
4 |
|a Injuries
|
| 650 |
|
4 |
|a Official Data
|
| 700 |
1 |
|
|a Nix, Justin
|e VerfasserIn
|0 (DE-588)1210496933
|0 (DE-627)1698521340
|0 (DE-576)462633152
|4 aut
|
| 700 |
1 |
|
|a Sierra-Arévalo, Michael
|e VerfasserIn
|0 (DE-588)1200445538
|0 (DE-627)1683552407
|4 aut
|
| 773 |
0 |
8 |
|i Enthalten in
|a Regoeczi, Wendy C.
|t Research handbook on violent crime and society
|d Cheltenham : Edward Elgar Publishing, 2025
|g (2025), Seite 527-543
|z 978103537013 9
|
| 773 |
1 |
8 |
|g year:2025
|g pages:527-543
|
| 856 |
4 |
0 |
|u https://doi.org/10.4337/9781035317868.00043
|x Resolving-System
|z lizenzpflichtig
|7 1
|
| 951 |
|
|
|a AR
|
| ELC |
|
|
|a 1
|
| LOK |
|
|
|0 000 xxxxxcx a22 zn 4500
|
| LOK |
|
|
|0 001 4795828830
|
| LOK |
|
|
|0 003 DE-627
|
| LOK |
|
|
|0 004 1940094194
|
| LOK |
|
|
|0 005 20251103154359
|
| LOK |
|
|
|0 008 251103||||||||||||||||ger|||||||
|
| LOK |
|
|
|0 040
|a DE-2619
|c DE-627
|d DE-2619
|
| LOK |
|
|
|0 092
|o n
|
| LOK |
|
|
|0 852
|a DE-2619
|
| LOK |
|
|
|0 852 1
|9 00
|
| LOK |
|
|
|0 939
|a 03-11-25
|b l01
|
| ORI |
|
|
|a SA-MARC-krimdoka001.raw
|